[Event "Snowdrops and Old-hands"]
[Site "?"]
[Date "2011.12.03"]
[Round "1"]
[White "Vaganian, Rafael"]
[Black "Muzychuk, Maria"]
[Result "0-1"]
[WhiteElo "2577"]
[BlackElo "2460"]
[PlyCount "68"]
[EventDate "2011.??.??"]
[EventRounds "8"]

1. Nf3 c5 2. c4 Nc6 3. Nc3 e5 4. g3 f5 5. d3 Nf6 6. Bg2 g6 7. O-O Bg7 8. Bg5 d6
9. Ne1 h6 10. Bxf6 Qxf6 11. Nc2 O-O 12. Rb1 Rb8 13. a3 Ne7 14. Ne3 Bd7 15. Ned5
Nxd5 16. Nxd5 Qf7 17. b4 b6 18. b5 Be6 19. a4 f4 20. Rb3 g5 21. a5 g4 22. Be4
Kh8 23. Ra3 h5 24. f3 Bh6 25. fxg4 hxg4 26. axb6 axb6 27. Qa1 Bxd5 28. cxd5 Qh5
29. h4 fxg3 30. Rxf8+ Rxf8 31. Ra8 Qxh4 32. Rxf8+ Bxf8 33. Bg2 Qh6 34. Qa8 Qe3+
0-1

[Event "Snowdrops and Old-hands"]
[Site "?"]
[Date "2011.12.03"]
[Round "1"]
[White "Huebner, Robert"]
[Black "Pogonina, Natalia"]
[Result "1/2-1/2"]
[WhiteElo "2580"]
[BlackElo "2451"]
[PlyCount "87"]
[EventDate "2011.??.??"]
[EventRounds "8"]

1. d4 Nf6 2. c4 e6 3. Nc3 Bb4 4. Qc2 d6 5. e4 O-O 6. Nf3 Nc6 7. d5 Ne5 8. Be2
Ng6 9. O-O Bxc3 10. bxc3 e5 11. g3 Nd7 12. Nd2 Nc5 13. Nb3 b6 14. Be3 a5 15.
Nd2 Qe7 16. f3 Bd7 17. Rf2 Rae8 18. Rb1 Ba4 19. Qc1 Bd7 20. Bxc5 dxc5 21. Bd3
Qd6 22. Qc2 h5 23. Nf1 h4 24. Re1 Qe7 25. Qd2 f5 26. exf5 Bxf5 27. Bxf5 Rxf5
28. Ne3 Rff8 29. Ng4 Qd6 30. Re4 Re7 31. Qe2 Ref7 32. Kg2 Rf5 33. Rf1 Qd7 34.
Qd3 Qf7 35. Re3 Rg5 36. Qe4 Qd7 37. Rd3 Qd6 38. Re3 Qd7 39. Qb1 Qf7 40. Re4 Rf5
41. Re3 Qd7 42. Qe4 Rg5 43. Qb1 Qf7 44. Re4 1/2-1/2

[Event "Snowdrops and Old-hands"]
[Site "?"]
[Date "2011.12.03"]
[Round "1"]
[White "Gulko, Boris"]
[Black "Sachdev, Tania"]
[Result "1/2-1/2"]
[WhiteElo "2535"]
[BlackElo "2428"]
[PlyCount "69"]
[EventDate "2011.??.??"]
[EventRounds "8"]

1. d4 Nf6 2. c4 e6 3. Nc3 Bb4 4. e3 O-O 5. Bd3 d5 6. Nf3 c5 7. O-O dxc4 8. Bxc4
Nc6 9. a3 Bxc3 10. bxc3 Qc7 11. Ba2 e5 12. h3 e4 13. Nh2 b6 14. Bb2 Ba6 15. c4
cxd4 16. exd4 Qf4 17. Qc1 Qxc1 18. Raxc1 Rac8 19. d5 Na5 20. Bxf6 gxf6 21. Ng4
Bxc4 22. Bxc4 Rxc4 23. Nxf6+ Kg7 24. Nh5+ Kh6 25. Nf4 Kg5 26. g3 Rd8 27. a4 Rd7
28. Rfd1 Rxa4 29. d6 Rc4 30. Rd5+ f5 31. Rcd1 Kf6 32. Nh5+ Ke6 33. Nf4+ Kf6 34.
Nh5+ Ke6 35. Nf4+ 1/2-1/2

[Event "Snowdrops and Old-hands"]
[Site "?"]
[Date "2011.12.04"]
[Round "2"]
[White "Muzychuk, Maria"]
[Black "Hort, Vlastimil"]
[Result "1/2-1/2"]
[WhiteElo "2460"]
[BlackElo "2473"]
[PlyCount "137"]
[EventDate "2011.??.??"]
[EventRounds "8"]

1. e4 e5 2. Nf3 Nf6 3. d4 Nxe4 4. Bd3 d5 5. Nxe5 Bd6 6. O-O O-O 7. c4 c6 8. Qc2
Qh4 9. f4 f6 10. Nf3 Qh5 11. c5 Bc7 12. Nbd2 f5 13. Ne5 Nd7 14. Nxe4 fxe4 15.
Be2 Qe8 16. Be3 Nf6 17. b4 h5 18. h3 a5 19. a3 h4 20. Qb2 Nh5 21. Bxh5 Qxh5 22.
b5 Rf6 23. Kh1 a4 24. b6 Bxe5 25. fxe5 Rf5 26. Rxf5 Bxf5 27. Rf1 Rf8 28. Kh2
Rf7 29. Qd2 Kh7 30. Rf2 Kg6 31. Rf4 Be6 32. Rxf7 Kxf7 33. Qf2+ Bf5 34. Qf4 Ke6
35. Qg5 Qxg5 36. Bxg5 Bg6 37. Bxh4 e3 38. g4 Bd3 39. Kg1 e2 40. Kf2 Be4 41. Bg3
g5 42. Kxe2 Bg2 43. h4 gxh4 44. Bxh4 Be4 45. Ke3 Bc2 46. Kf4 Bd1 47. Bd8 Be2
48. Kg5 Bd1 49. Kh4 Bc2 50. Bf6 Bd3 51. g5 Bg6 52. Kg4 Be8 53. Bd8 Bg6 54. Kf4
Bh5 55. Ke3 Kf5 56. Kd3 Be8 57. Kd2 Bh5 58. Kc3 Bg4 59. Bf6 Bh5 60. Be7 Bg4 61.
Bd8 Bh5 62. g6 Kxg6 63. e6 Bg4 64. e7 Kf7 65. Kd3 Bh5 66. Ke3 Ke6 67. Kf4 Bf7
68. Kg5 Be8 69. Kf4 1/2-1/2

[Event "Snowdrops and Old-hands"]
[Site "?"]
[Date "2011.12.04"]
[Round "2"]
[White "Kulovana, Eva"]
[Black "Vaganjan, Rafael"]
[Result "1/2-1/2"]
[WhiteElo "2297"]
[BlackElo "2577"]
[PlyCount "33"]
[EventDate "2011.??.??"]
[EventRounds "8"]

1. e4 e6 2. d4 d5 3. Nd2 dxe4 4. Nxe4 Bd7 5. Nf3 Bc6 6. Bd3 Nd7 7. O-O Ngf6 8.
Ned2 g6 9. Nc4 a5 10. c3 Bg7 11. Qe2 O-O 12. Nce5 Bxf3 13. Nxf3 a4 14. Rd1 c6
15. Bd2 Qc7 16. c4 c5 17. Bc3 1/2-1/2

[Event "Snowdrops and Old-hands"]
[Site "?"]
[Date "2011.12.04"]
[Round "2"]
[White "Pogonina, Natalia"]
[Black "Gulko, Boris"]
[Result "1/2-1/2"]
[WhiteElo "2451"]
[BlackElo "2535"]
[PlyCount "74"]
[EventDate "2011.??.??"]
[EventRounds "8"]

1. e4 c5 2. Nf3 Nc6 3. d4 cxd4 4. Nxd4 Nf6 5. Nc3 d6 6. Bg5 e6 7. Qd2 Be7 8.
O-O-O O-O 9. f4 h6 10. Bh4 Nxd4 11. Qxd4 Qa5 12. Bc4 e5 13. fxe5 dxe5 14. Qd3
Bg4 15. Bxf6 Bxf6 16. Rdf1 Bh4 17. Kb1 Qc5 18. g3 Be7 19. h3 Be6 20. Bxe6 fxe6
21. Qd7 Qc4 22. Rxf8+ Rxf8 23. b3 Qxc3 24. Qxe7 Qc6 25. Rd1 Rf2 26. Qd8+ Kh7
27. Qd3 b5 28. a3 a6 29. Kb2 Kg6 30. h4 h5 31. b4 Kh7 32. Kb3 Qc7 33. Re1 Kg6
34. Re3 Qb6 35. Rf3 Rxf3 36. Qxf3 Qd4 37. Qd3 Qxd3+ 1/2-1/2

[Event "Snowdrops and Old-hands"]
[Site "?"]
[Date "2011.12.05"]
[Round "3"]
[White "Gulko, Boris"]
[Black "Kulovana, Eva"]
[Result "1-0"]
[WhiteElo "2535"]
[BlackElo "2297"]
[PlyCount "63"]
[EventDate "2011.??.??"]
[EventRounds "8"]

1. d4 d5 2. c4 c6 3. Nf3 Nf6 4. Nc3 a6 5. h3 b5 6. c5 Qc7 7. g3 Nbd7 8. Bf4 Qa7
9. Bg2 g6 10. e4 dxe4 11. Ne5 Bb7 12. Qb3 Nxe5 13. Bxe5 Bg7 14. Nxe4 O-O 15.
Bxf6 Bxf6 16. Nxf6+ exf6 17. O-O Rad8 18. Rfd1 Qb8 19. a4 Qc7 20. axb5 axb5 21.
Ra7 Ra8 22. Rxa8 Rxa8 23. d5 cxd5 24. Bxd5 Bc6 25. Qf3 Bxd5 26. Qxd5 Ra4 27. b3
Ra3 28. c6 Kg7 29. Qxb5 Ra5 30. Qc4 Rg5 31. Rd7 Rxg3+ 32. Kf1 1-0

[Event "Snowdrops and Old-hands"]
[Site "?"]
[Date "2011.12.05"]
[Round "3"]
[White "Huebner, Robert"]
[Black "Muzychuk, Maria"]
[Result "1/2-1/2"]
[WhiteElo "2580"]
[BlackElo "2460"]
[PlyCount "84"]
[EventDate "2011.??.??"]
[EventRounds "8"]

1. e4 c5 2. Nf3 Nc6 3. d4 cxd4 4. Nxd4 Nf6 5. Nc3 e5 6. Ndb5 d6 7. Nd5 Nxd5 8.
exd5 Nb8 9. c4 Be7 10. Be2 O-O 11. O-O a6 12. Nc3 Bf5 13. f4 exf4 14. Bxf4 Bg6
15. Bd3 Bxd3 16. Qxd3 Nd7 17. Rae1 Bf6 18. Ne4 Be5 19. Ng5 g6 20. Qh3 h5 21.
Ne4 f5 22. Bg5 Qc7 23. Nd2 Nf6 24. Bxf6 Rxf6 25. b3 b5 26. Qe3 Re8 27. Kh1 Rff8
28. Qd3 Qc5 29. Re2 Qd4 30. Qxd4 Bxd4 31. Rfe1 Rxe2 32. Rxe2 Kf7 33. Nf3 Bf6
34. cxb5 axb5 35. h4 Ra8 36. Kh2 b4 37. Re6 Rxa2 38. Rxd6 Rb2 39. Rd7+ Ke8 40.
Rd6 Kf7 41. Rd7+ Ke8 42. Rd6 Kf7 1/2-1/2

[Event "Snowdrops and Old-hands"]
[Site "?"]
[Date "2011.12.05"]
[Round "3"]
[White "Hort, Vlastimil"]
[Black "Sachdev, Tania"]
[Result "1/2-1/2"]
[WhiteElo "2473"]
[BlackElo "2428"]
[PlyCount "81"]
[EventDate "2011.??.??"]
[EventRounds "8"]

1. Nf3 Nf6 2. g3 c5 3. Bg2 g6 4. d3 Bg7 5. e4 d6 6. O-O O-O 7. Re1 Nc6 8. c3 e5
9. Nbd2 Re8 10. Nc4 h6 11. Ne3 Be6 12. Nd2 d5 13. exd5 Nxd5 14. Ne4 b6 15. Nxd5
Bxd5 16. c4 Bxe4 17. Bxe4 Rc8 18. Qa4 Qd7 19. a3 a5 20. Bd2 Red8 21. b4 axb4
22. axb4 Kh7 23. bxc5 bxc5 24. Bc3 Nd4 25. Kg2 Qd6 26. Bd5 Rc7 27. Ra2 Rb8 28.
Rb2 Rxb2 29. Bxb2 Ne6 30. Bc3 Re7 31. Qc6 Qxc6 32. Bxc6 Nd4 33. Bd5 Ra7 34.
Bxd4 exd4 35. Re8 Rc7 36. f4 Bf6 37. g4 Kg7 38. Be4 g5 39. Kf3 gxf4 40. Kxf4
Re7 41. Rxe7 1/2-1/2

[Event "Snowdrops and Old-hands"]
[Site "?"]
[Date "2011.12.06"]
[Round "4"]
[White "Pogonina, Natalia"]
[Black "Hort, Vlastimil"]
[Result "1/2-1/2"]
[WhiteElo "2451"]
[BlackElo "2473"]
[PlyCount "122"]
[EventDate "2011.??.??"]
[EventRounds "8"]

1. e4 e5 2. Nf3 Nc6 3. Bb5 Nf6 4. d3 d6 5. O-O Be7 6. d4 Bd7 7. Nc3 O-O 8. h3
Nxd4 9. Nxd4 exd4 10. Qxd4 Bxb5 11. Nxb5 Re8 12. Nc3 Nd7 13. Re1 Bf6 14. Qb4
Nc5 15. Bd2 c6 16. a4 Qb6 17. Qxb6 axb6 18. f3 Bxc3 19. Bxc3 Nxa4 20. Bd4 f6
21. Red1 Nc5 22. b4 Nd7 23. Rxa8 Rxa8 24. Be3 Ne5 25. Bxb6 Nc4 26. Bf2 Ra2 27.
c3 Kf7 28. g4 g5 29. h4 h6 30. h5 Ke6 31. Bg3 b5 32. Kh1 Rc2 33. Rd3 Ne5 34.
Bxe5 fxe5 35. Kg1 c5 36. bxc5 dxc5 37. Kf1 c4 38. Rd5 Rxc3 39. Rxb5 Rxf3+ 40.
Ke2 Rf4 41. Ke3 Rxg4 42. Rb6+ Kd7 43. Rxh6 Rg2 44. Rf6 c3 45. Kd3 c2 46. Rf1
Rf2 47. Rg1 Rg2 48. Rf1 Ke6 49. h6 Rh2 50. h7 g4 51. h8=Q Rxh8 52. Kxc2 Rd8 53.
Rg1 Rg8 54. Rf1 Rd8 55. Rg1 Rg8 56. Rf1 g3 57. Kd3 Kd6 58. Ke3 Kc5 59. Rc1+ Kb4
60. Kf3 g2 61. Rg1 Kc3 1/2-1/2

[Event "Snowdrops and Old-hands"]
[Site "?"]
[Date "2011.12.06"]
[Round "4"]
[White "Muzychuk, Maria"]
[Black "Gulko, Boris"]
[Result "1-0"]
[WhiteElo "2460"]
[BlackElo "2535"]
[PlyCount "61"]
[EventDate "2011.??.??"]
[EventRounds "8"]

1. e4 c5 2. Nf3 d6 3. d4 cxd4 4. Nxd4 Nf6 5. Nc3 Nc6 6. Bg5 e6 7. Qd2 Be7 8.
O-O-O O-O 9. f4 h6 10. h4 Nxd4 11. Qxd4 hxg5 12. hxg5 Ng4 13. Be2 e5 14. Qg1
exf4 15. Bxg4 Bxg4 16. Qh2 f5 17. g6 Bh4 18. Rd4 Bh5 19. Qxh4 Qxh4 20. Rxh4
Bxg6 21. Rxd6 Bh7 22. exf5 Rxf5 23. Nd5 Re5 24. Rd7 Rg5 25. Ne7+ Kh8 26. Rd1 g6
27. Rdh1 Rh5 28. Nxg6+ Bxg6 29. Rxh5+ Bxh5 30. Rxh5+ Kg7 31. Rf5 1-0

[Event "Snowdrops and Old-hands"]
[Site "?"]
[Date "2011.12.06"]
[Round "4"]
[White "Sachdev, Tania"]
[Black "Vaganian, Rafael"]
[Result "1/2-1/2"]
[WhiteElo "2428"]
[BlackElo "2577"]
[PlyCount "41"]
[EventDate "2011.??.??"]
[EventRounds "8"]

1. d4 d5 2. c4 e6 3. Nc3 c6 4. Nf3 f5 5. Bf4 Nf6 6. e3 Be7 7. h3 O-O 8. Bd3 Ne4
9. Qc2 Nd7 10. Ne5 Bf6 11. Nxd7 Bxd7 12. O-O Qe7 13. Rad1 Rae8 14. Qb3 Bc8 15.
Nb1 Kh8 16. Qc2 g5 17. Bh2 Bg7 18. Nd2 Nxd2 19. Qxd2 Rf7 20. Be2 Rg8 21. b4
1/2-1/2

[Event "Snowdrops and Old-hands"]
[Site "?"]
[Date "2011.12.06"]
[Round "4"]
[White "Kulovana, Eva"]
[Black "Huebner, Robert"]
[Result "0-1"]
[WhiteElo "2297"]
[BlackElo "2580"]
[PlyCount "118"]
[EventDate "2011.??.??"]
[EventRounds "8"]

1. e4 g6 2. d4 Bg7 3. Nc3 d6 4. Nf3 Nf6 5. Be2 O-O 6. O-O Bg4 7. Be3 Nc6 8. d5
Bxf3 9. Bxf3 Ne5 10. Be2 c6 11. f4 Ned7 12. dxc6 bxc6 13. Qd2 Qc7 14. Rad1 Rad8
15. Bf3 Nb6 16. Qe2 Nfd7 17. Kh1 e6 18. Qe1 d5 19. b3 Rfe8 20. e5 f6 21. exf6
Nxf6 22. Bd4 Nbd7 23. Ne2 c5 24. Bc3 d4 25. Ba5 Nb6 26. c4 Re7 27. Qh4 Qc8 28.
Nc1 Qa6 29. Bd2 Nbd7 30. Rde1 Rde8 31. Bd1 e5 32. fxe5 Nxe5 33. h3 Re6 34. Qf2
Qc6 35. Bc2 Nf7 36. Rxe6 Rxe6 37. Nd3 Nd6 38. Be1 Re3 39. Kg1 Nf5 40. Qf4 Bh6
41. Qb8+ Re8 42. Qb5 Qa8 43. Bd1 Qe4 44. Nxc5 Qxe1 45. Rxe1 Rxe1+ 46. Kf2 Rxd1
47. Qb8+ Kg7 48. Qxa7+ Kh8 49. Qb8+ Ng8 50. Ne4 Bg7 51. g4 Nfe7 52. Ke2 Rh1 53.
c5 Rxh3 54. Nd6 d3+ 55. Kd1 Bc3 56. Qb7 Re3 57. Qh1 d2 58. Kc2 Re1 59. Qf3 Rc1+
0-1

[Event "Snowdrops and Old-hands"]
[Site "?"]
[Date "2011.12.08"]
[Round "5"]
[White "Kulovana, Eva"]
[Black "Hort, Vlastimil"]
[Result "0-1"]
[WhiteElo "2297"]
[BlackElo "2473"]
[PlyCount "98"]
[EventDate "2011.??.??"]
[EventRounds "8"]

1. e4 c6 2. d4 d5 3. Nd2 dxe4 4. Nxe4 Nf6 5. Nxf6+ gxf6 6. c3 Nd7 7. Nf3 Nb6 8.
g3 Bg4 9. Bg2 Qd7 10. O-O h5 11. a4 Bh3 12. a5 Nd5 13. c4 Bxg2 14. Kxg2 Nc7 15.
Be3 Bh6 16. Qd2 Bxe3 17. Qxe3 Qe6 18. Qb3 O-O-O 19. Rfe1 Qd7 20. Qe3 Rhe8 21.
d5 Kb8 22. a6 bxa6 23. dxc6 Qxc6 24. b4 Qb6 25. Qa3 e5 26. b5 axb5 27. cxb5 e4
28. Nh4 Rd2 29. Qe3 Qxe3 30. Rxe3 Re5 31. Kg1 Nxb5 32. Rb1 a6 33. f3 exf3 34.
Rxf3 Rd6 35. Nf5 Rb6 36. Nh4 Ka7 37. Rd1 a5 38. Ng2 Ka6 39. Ne3 Rbe6 40. Rd3 a4
41. Nd5 Ka5 42. Nxf6 Rd6 43. Rxd6 Nxd6 44. Rd3 Nb5 45. Nd7 Rf5 46. Rd2 a3 47.
Rc2 Kb4 48. Rc1 a2 49. Nb6 Nc3 0-1

[Event "Snowdrops and Old-hands"]
[Site "?"]
[Date "2011.12.08"]
[Round "5"]
[White "Muzychuk, Maria"]
[Black "Vaganian, Rafael"]
[Result "1/2-1/2"]
[WhiteElo "2460"]
[BlackElo "2577"]
[PlyCount "73"]
[EventDate "2011.??.??"]
[EventRounds "8"]

1. e4 e6 2. d4 d5 3. Nc3 Nf6 4. Bg5 Be7 5. e5 Nfd7 6. Bxe7 Qxe7 7. f4 a6 8. Nf3
c5 9. Qd2 Nc6 10. dxc5 Nxc5 11. O-O-O b5 12. Bd3 b4 13. Ne2 O-O 14. h4 b3 15.
axb3 Nb4 16. Ned4 Ncxd3+ 17. cxd3 a5 18. Nc2 d4 19. Nfxd4 Bb7 20. Qe3 Bd5 21.
Rd2 a4 22. bxa4 Rxa4 23. Kd1 Ra2 24. Ke2 Rxb2 25. Nxb4 Qxb4 26. Nf3 Ra8 27.
Rhd1 Rxd2+ 28. Rxd2 Ra4 29. g3 h6 30. Ne1 Qb1 31. Kf2 g6 32. Rc2 Kg7 33. Qc1
Qb4 34. Qd2 Qb6+ 35. Qe3 Qb1 36. Qc1 Qb6+ 37. Qe3 1/2-1/2

[Event "Snowdrops and Old-hands"]
[Site "?"]
[Date "2011.12.08"]
[Round "5"]
[White "Sachdev, Tania"]
[Black "Gulko, Boris"]
[Result "1/2-1/2"]
[WhiteElo "2428"]
[BlackElo "2535"]
[PlyCount "48"]
[EventDate "2011.??.??"]
[EventRounds "8"]

1. d4 d6 2. Nf3 g6 3. c4 Bg7 4. Nc3 Nf6 5. e4 O-O 6. Be2 e5 7. Be3 exd4 8. Nxd4
Re8 9. f3 Nc6 10. Qd2 Nh5 11. Nc2 f5 12. Bg5 Bf6 13. Bxf6 Qxf6 14. O-O-O f4 15.
Nd5 Qf7 16. g4 fxg3 17. Rdg1 g2 18. Rxg2 Bh3 19. Rg5 Nf6 20. Nf4 Bd7 21. h4 Re5
22. Rhg1 Rf8 23. R5g2 Ne7 24. Nb4 Nxe4 1/2-1/2

[Event "Snowdrops and Old-hands"]
[Site "?"]
[Date "2011.12.08"]
[Round "5"]
[White "Pogonina, Natalia"]
[Black "Huebner, Robert"]
[Result "1/2-1/2"]
[WhiteElo "2451"]
[BlackElo "2580"]
[PlyCount "83"]
[EventDate "2011.??.??"]
[EventRounds "8"]

1. e4 e5 2. Nf3 Nc6 3. Bb5 Nf6 4. d3 d6 5. d4 Bd7 6. Nc3 Be7 7. d5 Nb8 8. Be2
O-O 9. O-O c6 10. Nxe5 dxe5 11. d6 Be6 12. dxe7 Qxe7 13. a4 Rd8 14. Qe1 a5 15.
b3 Na6 16. Bxa6 Rxa6 17. Ba3 Qc7 18. Qe3 b6 19. Rad1 Raa8 20. f3 Rxd1 21. Rxd1
Rd8 22. Rd3 Ne8 23. Qd2 Rxd3 24. Qxd3 f6 25. Nd1 c5 26. Ne3 Qd6 27. Qxd6 Nxd6
28. g4 Nc8 29. Nd5 Bxd5 30. exd5 Ne7 31. c4 g5 32. Kf2 Kf7 33. Bb2 Nc8 34. Kg3
Nd6 35. h4 h6 36. h5 Ke7 37. Kf2 Nf7 38. Ke3 Nd6 39. Kd3 Nf7 40. Bc1 Nd6 41.
Be3 Kd7 42. Bf2 1/2-1/2

[Event "Snowdrops and Old-hands"]
[Site "?"]
[Date "2011.12.09"]
[Round "6"]
[White "Gulko, Boris"]
[Black "Pogonina, Natalia"]
[Result "1-0"]
[WhiteElo "2535"]
[BlackElo "2451"]
[PlyCount "77"]
[EventDate "2011.??.??"]
[EventRounds "8"]

1. d4 Nf6 2. c4 e6 3. Nc3 Bb4 4. e3 O-O 5. Bd3 d5 6. Nf3 Nc6 7. O-O a6 8. h3
dxc4 9. Bxc4 Bd6 10. e4 e5 11. Be3 b5 12. Bb3 Bb7 13. dxe5 Nxe5 14. Nxe5 Bxe5
15. Bc5 Bd6 16. Bxd6 cxd6 17. Qd4 Qe7 18. Rad1 Rad8 19. Rfe1 Rfe8 20. a4 bxa4
21. Bxa4 Rf8 22. Nd5 Bxd5 23. exd5 Qb7 24. Bc6 Qb3 25. Rd3 Qc2 26. Rg3 Kh8 27.
b4 h6 28. Ra3 Nd7 29. Rxa6 Ne5 30. b5 Rb8 31. Ra3 f6 32. Ra7 Qb3 33. Raa1 Rfc8
34. Rec1 Nxc6 35. bxc6 Rb4 36. Qd1 Qxd1+ 37. Rxd1 Rb5 38. Ra7 Rd8 39. Rd7 1-0

[Event "Snowdrops and Old-hands"]
[Site "?"]
[Date "2011.12.09"]
[Round "6"]
[White "Vaganian, Rafael"]
[Black "Kulovana, Eva"]
[Result "1-0"]
[WhiteElo "2577"]
[BlackElo "2297"]
[PlyCount "101"]
[EventDate "2011.??.??"]
[EventRounds "8"]

1. d4 d5 2. c4 c6 3. Nf3 Nf6 4. Qb3 dxc4 5. Qxc4 Bf5 6. g3 e6 7. Bg2 Nbd7 8.
O-O Be7 9. e3 O-O 10. Nc3 b5 11. Qe2 b4 12. Na4 Qa5 13. b3 Rac8 14. Bb2 Qb5 15.
Rfe1 Be4 16. Rac1 Rfd8 17. Bf1 Qxe2 18. Bxe2 c5 19. dxc5 Nxc5 20. Nxc5 Rxc5 21.
Rxc5 Bxc5 22. Rc1 Bb6 23. Kf1 Nd7 24. Bd4 h6 25. Rc4 Bd5 26. Bxb6 axb6 27. Rxb4
Ra8 28. e4 Bb7 29. a4 Rc8 30. Ne1 Rc1 31. f3 Bc6 32. Kf2 Kf8 33. Nd3 Rc2 34.
Ne1 Rb2 35. Rc4 Ne5 36. Rc3 Bd7 37. Ke3 Ke7 38. f4 Nc6 39. Nc2 Na5 40. Nd4 f6
41. e5 Kd8 42. Bf3 Ke7 43. h4 Kd8 44. h5 Ke7 45. Be4 Kd8 46. Bc2 Nb7 47. Kd2
Ra2 48. Kc1 b5 49. Kb1 Ra3 50. Kb2 b4 51. Rc4 1-0

[Event "Snowdrops and Old-hands"]
[Site "?"]
[Date "2011.12.09"]
[Round "6"]
[White "Hort, Vlastimil"]
[Black "Muzychuk, Maria"]
[Result "1/2-1/2"]
[WhiteElo "2473"]
[BlackElo "2460"]
[PlyCount "61"]
[EventDate "2011.??.??"]
[EventRounds "8"]

1. d4 f5 2. Nc3 d5 3. Bf4 a6 4. Nf3 Nf6 5. e3 e6 6. Nb1 c5 7. c3 Nc6 8. Nbd2
Bd6 9. g3 O-O 10. Bg2 Qe7 11. O-O b5 12. a4 Bd7 13. axb5 axb5 14. Qe2 c4 15.
Ne5 Bxe5 16. Bxe5 Nxe5 17. dxe5 Ne4 18. f3 Nc5 19. f4 Na4 20. Nf3 b4 21. Qd2
Rfb8 22. Nd4 Ra6 23. Ra2 Rab6 24. Rfa1 bxc3 25. bxc3 Rb1+ 26. Bf1 Rxa1 27. Rxa1
Qe8 28. Qc1 Nc5 29. Qa3 Nb3 30. Ra2 Nxd4 31. exd4 1/2-1/2

[Event "Snowdrops and Old-hands"]
[Site "?"]
[Date "2011.12.10"]
[Round "7"]
[White "Sachdev, Tania"]
[Black "Hort, Vlastimil"]
[Result "1/2-1/2"]
[WhiteElo "2428"]
[BlackElo "2473"]
[PlyCount "81"]
[EventDate "2011.??.??"]
[EventRounds "8"]

1. d4 d6 2. Nf3 Bg4 3. c4 c6 4. Nc3 Nd7 5. e4 g6 6. Be2 e5 7. Be3 Bh6 8. Bxh6
Nxh6 9. Qd2 Ng8 10. Rd1 Ngf6 11. h3 Bxf3 12. Bxf3 h5 13. Be2 Qe7 14. f4 O-O 15.
O-O Rfe8 16. fxe5 dxe5 17. d5 cxd5 18. cxd5 Qd6 19. Rf2 Kg7 20. Rdf1 Rf8 21.
Bd3 a6 22. Nd1 Nh7 23. Ne3 b5 24. Qe2 f6 25. Qxh5 f5 26. Qd1 f4 27. Ng4 Nhf6
28. Nxf6 Nxf6 29. Rc2 Rac8 30. Qc1 Qb6+ 31. Rff2 Rxc2 32. Qxc2 Rf7 33. Qc3 Rc7
34. Qxe5 Rc1+ 35. Bf1 Rc2 36. Qxf4 Nxe4 37. Qf8+ Kh7 38. Qe7+ Kh6 39. Qh4+ Kg7
40. Qe7+ Kh6 41. Qh4+ 1/2-1/2

[Event "Snowdrops and Old-hands"]
[Site "?"]
[Date "2011.12.10"]
[Round "7"]
[White "Muzychuk, Maria"]
[Black "Huebner, Robert"]
[Result "1/2-1/2"]
[WhiteElo "2460"]
[BlackElo "2580"]
[PlyCount "47"]
[EventDate "2011.??.??"]
[EventRounds "8"]

1. e4 d5 2. exd5 Nf6 3. Nf3 Nxd5 4. d4 Bf5 5. Bd3 Bxd3 6. Qxd3 Nd7 7. O-O e6 8.
c4 N5f6 9. Nc3 Be7 10. Bf4 O-O 11. Rad1 c6 12. Ne5 Qa5 13. Nxd7 Nxd7 14. d5 Nc5
15. Qg3 exd5 16. cxd5 Bf6 17. Bc7 Qb4 18. Bd6 Rfe8 19. dxc6 bxc6 20. Rc1 Qb6
21. Bxc5 Qxc5 22. Ne4 Qd4 23. Nxf6+ Qxf6 24. Qc3 1/2-1/2

[Event "Snowdrops and Old-hands"]
[Site "?"]
[Date "2011.12.10"]
[Round "7"]
[White "Kulovana, Eva"]
[Black "Gulko, Boris"]
[Result "0-1"]
[WhiteElo "2297"]
[BlackElo "2535"]
[PlyCount "60"]
[EventDate "2011.??.??"]
[EventRounds "8"]

1. e4 g6 2. d4 Bg7 3. Nc3 d6 4. Nf3 Nf6 5. Be2 O-O 6. O-O c5 7. dxc5 dxc5 8.
Qxd8 Rxd8 9. Be3 b6 10. Rfd1 Nc6 11. Rxd8+ Nxd8 12. Nd2 Ng4 13. Bg5 Nc6 14. h3
Nf6 15. a4 Bb7 16. Nb5 h6 17. Be3 Nb4 18. Bd3 Nxd3 19. cxd3 Rd8 20. Nxa7 Rxd3
21. Nc4 Nxe4 22. Ra3 Rd1+ 23. Kh2 Rb1 24. Rd3 Nd6 25. Nxb6 c4 26. Rd2 Bxb2 27.
Nd5 Nf5 28. Nb5 Nxe3 29. fxe3 Be5+ 30. g3 e6 0-1

[Event "Snowdrops and Old-hands"]
[Site "?"]
[Date "2011.12.11"]
[Round "8"]
[White "Vaganian, Rafael"]
[Black "Sachdev, Tania"]
[Result "1-0"]
[WhiteElo "2577"]
[BlackElo "2428"]
[PlyCount "69"]
[EventDate "2011.??.??"]
[EventRounds "8"]

1. d4 Nf6 2. Nf3 d5 3. c4 e6 4. Bg5 Be7 5. Nc3 O-O 6. Qc2 dxc4 7. e3 h6 8. Bh4
c5 9. Bxc4 Nc6 10. dxc5 Qa5 11. a3 Qxc5 12. Ba2 Nd5 13. Bxd5 exd5 14. Bxe7 Nxe7
15. O-O Bg4 16. Nd4 Rac8 17. Rac1 Rfd8 18. h3 Bh5 19. Qb3 Rb8 20. Nce2 Qa5 21.
Nf4 Bg6 22. Rc3 Be4 23. f3 Bh7 24. Qb4 Qxb4 25. axb4 g5 26. Nh5 Bg6 27. Rc7
Bxh5 28. Rxe7 Re8 29. Rxe8+ Rxe8 30. Kf2 Rc8 31. Ra1 a6 32. Ra5 Rc4 33. b5 Rb4
34. b3 axb5 35. Ke2 1-0

[Event "Snowdrops and Old-hands"]
[Site "?"]
[Date "2011.12.11"]
[Round "8"]
[White "Huebner, Robert"]
[Black "Kulovana, Eva"]
[Result "1-0"]
[WhiteElo "2580"]
[BlackElo "2297"]
[PlyCount "37"]
[EventDate "2011.??.??"]
[EventRounds "8"]

1. g3 d5 2. Bg2 Nf6 3. c4 c6 4. Nf3 Bg4 5. Ne5 Be6 6. cxd5 Bxd5 7. Nf3 c5 8.
Nc3 Bc6 9. O-O Nbd7 10. d3 e6 11. e4 e5 12. Nh4 g6 13. f4 Bg7 14. Be3 O-O 15.
f5 Qe7 16. g4 Qd6 17. g5 Nh5 18. f6 Bh8 19. Qxh5 1-0

[Event "Snowdrops and Old-hands"]
[Site "?"]
[Date "2011.12.11"]
[Round "8"]
[White "Gulko, Boris"]
[Black "Muzychuk, Maria"]
[Result "1/2-1/2"]
[WhiteElo "2535"]
[BlackElo "2460"]
[PlyCount "57"]
[EventDate "2011.??.??"]
[EventRounds "8"]

1. d4 f5 2. g3 Nf6 3. Bg2 g6 4. Nf3 Bg7 5. b4 Nc6 6. b5 Na5 7. Qd3 d5 8. Nbd2
Ne4 9. O-O c5 10. bxc6 Nxc6 11. Rb1 O-O 12. c4 e6 13. Ba3 Re8 14. Rfc1 Na5 15.
cxd5 exd5 16. Ne5 Be6 17. e3 b6 18. Bb4 Bxe5 19. dxe5 Nc4 20. Qd4 Ncxd2 21.
Bxd2 Rc8 22. Bf1 Re7 23. f3 Nxd2 24. Qxd2 Rec7 25. f4 Rxc1 26. Rxc1 Rc5 27.
Rxc5 bxc5 28. Bg2 Kg7 29. a3 1/2-1/2

[Event "Snowdrops and Old-hands"]
[Site "?"]
[Date "2011.12.11"]
[Round "8"]
[White "Hort, Vlastimil"]
[Black "Pogonina, Natalia"]
[Result "1/2-1/2"]
[WhiteElo "2473"]
[BlackElo "2451"]
[PlyCount "132"]
[EventDate "2011.??.??"]
[EventRounds "8"]

1. e4 e5 2. Nc3 Nf6 3. g3 d5 4. exd5 Nxd5 5. Bg2 Nxc3 6. bxc3 Bd6 7. d3 O-O 8.
Nf3 Nc6 9. O-O Bg4 10. h3 Bf5 11. Rb1 Rb8 12. Re1 h6 13. c4 Qd7 14. Kh2 Rfe8
15. Bb2 Rbd8 16. Qd2 b6 17. Rbd1 Bh7 18. Bc3 a5 19. Re2 Bb4 20. Bxb4 axb4 21.
Rde1 Qd6 22. Re3 e4 23. Qc1 f5 24. dxe4 fxe4 25. Ng1 Qd2 26. R3e2 Qxc1 27. Rxc1
Rd4 28. f3 Rxc4 29. fxe4 Nd4 30. Rd2 c5 31. Nf3 Nxf3+ 32. Bxf3 Rf8 33. Bg4 Rxe4
34. c3 Bg6 35. Rb2 h5 36. Bd7 Rd8 37. Bb5 bxc3 38. Rxc3 Bf7 39. a4 Red4 40.
Rcc2 Bg6 41. Rc3 Rd2+ 42. Rxd2 Rxd2+ 43. Kg1 Rc2 44. Re3 c4 45. Kf1 Bf5 46. g4
hxg4 47. hxg4 Bxg4 48. Re4 Bh3+ 49. Ke1 c3 50. Kd1 Rh2 51. Rc4 Bd7 52. Bxd7
Rd2+ 53. Ke1 Rxd7 54. Rxc3 Rf7 55. Rb3 Rf6 56. Rb5 Kh7 57. a5 bxa5 58. Rxa5 Kh6
59. Ra2 Rf4 60. Rg2 g6 61. Rh2+ Kg5 62. Rg2+ Kf5 63. Ke2 g5 64. Ke3 Kg6 65. Rf2
Rg4 66. Rf8 Rg1 1/2-1/2